Quizzes
Events
Quiz Creation
Community
Videos
Private Events
Remove Ads
Sign In
Join for FREE
Feedback
Dark Mode
Quiz Categories
Sports
Geography
Music
Movies
Television
Just For Fun
Miscellaneous
History
Literature
Language
Science
Gaming
Entertainment
Religion
Holiday
For Kids
Quiz Lab
Recent
Popular Today
Quiz Kudos Today
Editor Picks
Curator Picks
Quizzes by...
Day
Popularity
Type
Ratings
Length
Year
Community
Subscriptions
Recent Discussions
Orange Saloon
Badges
Playlists
Quests
Create
Leaderboards
Showdown
Live 5
Trivia Bingo
Activity
Puzzle Library
Sporcle Events
Private Events
Virtual Trivia
Globe League
Become a Host
Pub Owners
SporcleCon
Opinionation
Our Games
Videos
Blog
Mobile Apps
Partnerships
Remove Ads and Go Orange
Feedback
Sports
Athletes
MLB
NBA
NHL
NFL
Soccer
Sports Teams
WWE
NCAA
Football
Premier League
Basketball
Baseball
Hockey
Golf
Tennis
Cricket
Rugby
Auto Racing
Olympics
World Cup
Sports
Athletes
MLB
NBA
NHL
NFL
Soccer
Sports Teams
WWE
NCAA
Football
Premier League
Basketball
Baseball
Hockey
Golf
Tennis
Cricket
Rugby
Auto Racing
Olympics
World Cup
Random Quiz
Search Sporcle
×
Quiz Lab
Quiz Lab
Sports
Basketball
Type in answers that appear in a list
Type in answers that appear in a list
Classic
Best Score? Go Orange.
00s UVA basketball Stats
Can you name the 2000-2010 UVA men's basketball players?
By
Launcelot111
10m
66 Questions
239 Plays
239 Plays
239 Plays
Comments
Comments
Give Quiz Kudos
Give Quiz Kudos
-
- Ratings
hide this ad
Replay
Link that replays current quiz
Next Quiz
Link to next quiz in quiz playlist
You Got
0%
They Got
Avg Score
34%
Avg Friend Score
Upgrade to see
Score Distribution
Jump to the score distribution portion of the page
Score
0/66
Timer
10:00
0
Plays Today
Years played
Player
% Correct
2004-
08
Sean Singletary
91.6%
2003-
07
J.R. Reynolds
78.2%
1999-
2003
Travis Watson
69.5%
2007-
10
Mike Scott
68.6%
1999-
2002
Roger Mason Jr.
68.2%
2007-
2010
Sammy Zeglinski
63.6%
2003-
07
Jason Cain
62.3%
1998-
2002
Chris Williams
61.9%
2002-
05
Devin Smith
60.3%
2008-
10
Assane Sene
59.8%
2001-
05
Elton Brown
58.2%
1997-
2001
Donald Hand
56.9%
2008-
10
Sylven Landesberg
56.9%
2002-
04
Todd Billet
56.5%
2006-
08
Will Harris
56.5%
1998-
2002
Adam Hall
55.2%
2009-
10
Jontel Evans
55.2%
2002-
03
Rob Williams
54.4%
2007-
10
Jeff Jones
54%
2007-
10
Mustapha Farrakhan
51.5%
1999-
2004
Majestic Mapp
51.5%
2007-
10
Will Sherrill
45.6%
2007-
10
Calvin Baker
43.5%
2004-
09
Tunji Soroye
43.1%
2001-
02
Keith Jenifer
42.7%
1999-
2001
Keith Friel
41.8%
2005-
09
Mamadi Diane
41%
2004-
08
Adrian Joseph
40.6%
2006-
10
Solomon Tat
39.7%
2003-
05
Gary Forbes
34.7%
2005-
08
Lars Mikalauskas
34.7%
2009-
10
Tristan Spurlock
34.3%
2003-
06
T.J. Bannister
33.1%
Years played
Player
% Correct
2001-
04
Jason Clark
33.1%
1999-
2003
Jason Rogers
33.1%
2002-
04
Derrick Byars
30.5%
2006-
10
Jerome Meyinsse
30.5%
2006-
09
Jamil Tucker
29.3%
2006-
08
Ryan Pettinella
25.9%
2008-
09
John Brandenburg
25.1%
1999-
2001
Stephane Dondon
25.1%
2000-
02
J.C. Mathis
23.8%
2001-
03
Jermaine Harper
21.3%
2002-
06
Billy Campbell
18.8%
1997-
2000
Colin Ducharme
18.8%
2003-
05
Donte Minter
18.8%
2006-
08
Andy Burns
17.6%
2002-
03
Nick Vander Laan
16.3%
2000-
01
Maurice Young
15.5%
2009-
10
Doug Browman
13%
1998-
2001
Josh Hare
12.6%
2003-
04
Billy Glading
8.8%
2003-
04
Vince Redd
8.8%
2003-
04
Brad Abel
8.4%
2004-
06
Mike Forkin
8.4%
2009-
10
Tom Jonke
8.4%
2005-
06
Drew Shiembob
7.9%
2009-
10
Thomas Kody
7.5%
1998-
2001
Greg Lyons
6.7%
1998-
2002
Jason Dowling
6.3%
1998-
2000
Cade Lemcke
6.3%
2002-
03
Greg Harrell-Edge
5.4%
2005-
06
Matt Deasey
4.6%
2001-
02
Bret Gladstone
4.2%
2002-
04
Robert Lodge
4.2%
2003-
05
Hank Nacey
3.8%
Quiz Playlist
Details
Report
Send in Message
Add To Playlist
Classic:
Type in answers that appear in a list
Quiz Source
Last Updated: Feb 16, 2017
Quiz Scoreboard
CHALLENGE
Sign Up to Join the Scoreboard
Show All
Scores
Hide
Comments
May contain spoilers
Recently Published
Billboard Blitz: Fleetwood Mac
by CooCooCachoo
Music
15s
Presidents Visiting Landmarks
by Hejman
History
7m
An Introduction to Baseball
by treessimontrees
Sports
5m
More to Explore
Quiz From the Vault
Featured Blog Post
Where Did the Easter Bunny Come From?
hide this ad
You Might Also Like...
Tags
Basketball Quiz
2000s
men
Player
UVA
Today's Top Quizzes in Sports
Browse Sports
hide this ad
Today's Top Quizzes in Basketball
Browse Basketball
Top Contributed Quizzes in Sports
1
Les meilleurs buteurs des matchs entre le PSG et l’OM
2
2022 World Cup Stars
3
FIFA Club World Cup Champions
4
Les entraîneurs de l'OM et du PSG au 21e siècle
5
Criteria MLB: Left Handed Sluggers
6
Name the Premier League winners with different clubs
7
5-to-1: UK Sports Teams
8
AFC Teams Reveal (Wrong Answers Minefield)
9
Players with Multiple 50 Home Run Seasons
10
5-to-1: FBS Animal Nicknames
Explore More
Trending Topics
Crossword
Kpop
Disney
NBA
Anime
Marvel
Harry Potter
The Office
Pokémon
NFL
Country
Puzzle
Soccer
WWE
Song
hide this ad
More By:
Launcelot111
Quiz
Plays
Rating
Category
Featured
Created
Games by Optional Boss
244
3.67
Gaming
Jan 23, 2011
00s UVA basketball
239
2.33
Sports
Jan 13, 2010
Go to Creator's Profile
Score Distribution
Quiz Creator Spotlight
Launcelot111
Follow
Send a Message
Quizzes Created
-
Created Quiz Play Count
-
More By This Creator
Popular Quizzes Today
1
Find the US States - No Outlines Minefield
2
Find the Countries of Europe - No Outlines Minefield
3
The Countries of the World
4
Find the US States
5
US States
6
Popular People in 1961
7
Risky Map Clicking: Biggest States A-Z
8
Movies - When Are They Set?
More Sports Quizzes
2022 MLB Stat Leaders
Editor's Pick
Trending Quizzes
Risky Map Clicking: Least Populous States A-Z
1-10 Letter G Words
1-10 Letter F Words
Risky Map Clicking: Next State Alphabetically
Risky Map Clicking: Biggest States A-Z
Recently Updated
Leaping Animals
pecheneg
Reality TV Shows (A-Z)
bhenderson79
Rickey Henderson's Hall of Fame Teammates
pecheneg
Champions League XIs: Arsenal
pecheneg
Quick Pick: Celebrities in WWE's Hall of Fame
aduchscher
A-Z Keypad Blitz II
pecheneg
Multiple Oscar Actors
pecheneg
Mystery Phrase Blitz: Oscar 'Best Actors'
pecheneg
F. Scott Fitzgerald Novels
LTH
Pick 3 Villains
ddd62291
Trending Topics
Kpop
Crossword
Disney
Harry Potter
NBA
Marvel
Anime
Soccer
Song
Puzzle
The Office
Pokémon
WWE
Country
NFL
Your Account Isn't Verified!
In order to create a playlist on Sporcle, you need to verify the email address you used during registration. Go to your
Sporcle Settings
to finish the process.
Report this User
Report this user for behavior that violates our
Community Guidelines
.
Details:
Send Report
Go to the Sporcle.com Mobile Site →
Comments